Citation indexing: its theory and application in science, technology and humanities (Record no. 440)
[ view plain ]
| 000 -LEADER | |
|---|---|
| fixed length control field | 00474nam a2200169Ia 4500 |
| 020 ## - INTERNATIONAL STANDARD BOOK NUMBER | |
| ISBN | 0-471-02559-3 |
| 082 ## - DEWEY DECIMAL CLASSIFICATION NUMBER | |
| Classification number | 025.48 GAR-; |
| 100 ## - MAIN ENTRY--AUTHOR NAME | |
| Personal name | Garfield, Eugene |
| 245 #0 - TITLE STATEMENT | |
| Title | Citation indexing: its theory and application in science, technology and humanities |
| 260 ## - PUBLICATION, DISTRIBUTION, ETC. (IMPRINT) | |
| Place of publication | New York |
| Name of publisher | John Wiley |
| Year of publication | 1979 |
| 300 ## - PHYSICAL DESCRIPTION | |
| Number of Pages | 274p. |
| 650 ## - SUBJECT ADDED ENTRY--TOPICAL TERM | |
| Topical Term | Bibliography - Methodology |
| 650 ## - SUBJECT ADDED ENTRY--TOPICAL TERM | |
| Topical Term | Science and technology |
| 650 ## - SUBJECT ADDED ENTRY--TOPICAL TERM | |
| Topical Term | Library science |
| 650 ## - SUBJECT ADDED ENTRY--TOPICAL TERM | |
| Topical Term | Citation indexes |
| 942 ## - ADDED ENTRY ELEMENTS (KOHA) | |
| Koha item type | Books |
| Withdrawn status | Lost status | Damaged status | Not for loan | Home library | Current library | Date acquired | Full call number | Accession Number | Price effective from | Koha item type |
|---|---|---|---|---|---|---|---|---|---|---|
| NASSDOC Library | NASSDOC Library | 08/06/2004 | 025.48 GAR-; | 13659 | 18/04/2019 | Books |
